<?xml version="1.0" encoding="UTF-8"?><?xml-stylesheet type="text/xsl" href="static/style.xsl"?><OAI-PMH xmlns="http://www.openarchives.org/OAI/2.0/" xmlns:xsi="http://www.w3.org/2001/XMLSchema-instance" xsi:schemaLocation="http://www.openarchives.org/OAI/2.0/ http://www.openarchives.org/OAI/2.0/OAI-PMH.xsd"><responseDate>2026-04-13T07:11:12Z</responseDate><request verb="GetRecord" identifier="oai:www.recercat.cat:11351/13833" metadataPrefix="marc">https://recercat.cat/oai/request</request><GetRecord><record><header><identifier>oai:recercat.cat:11351/13833</identifier><datestamp>2025-10-24T10:59:26Z</datestamp><setSpec>com_2072_451665</setSpec><setSpec>com_2072_378040</setSpec><setSpec>col_2072_451666</setSpec></header><metadata><record xmlns="http://www.loc.gov/MARC21/slim" xmlns:dcterms="http://purl.org/dc/terms/" xmlns:xsi="http://www.w3.org/2001/XMLSchema-instance" xmlns:doc="http://www.lyncode.com/xoai" xsi:schemaLocation="http://www.loc.gov/MARC21/slim http://www.loc.gov/standards/marcxml/schema/MARC21slim.xsd">
   <leader>00925njm 22002777a 4500</leader>
   <datafield ind2=" " ind1=" " tag="042">
      <subfield code="a">dc</subfield>
   </datafield>
   <datafield ind2=" " ind1=" " tag="720">
      <subfield code="a">Matallana , Carlota</subfield>
      <subfield code="e">author</subfield>
   </datafield>
   <datafield ind2=" " ind1=" " tag="720">
      <subfield code="a">Pera, Miguel</subfield>
      <subfield code="e">author</subfield>
   </datafield>
   <datafield ind2=" " ind1=" " tag="720">
      <subfield code="a">Espin-Basany, Eloy</subfield>
      <subfield code="e">author</subfield>
   </datafield>
   <datafield ind2=" " ind1=" " tag="720">
      <subfield code="a">Biondo, Sebastiano</subfield>
      <subfield code="e">author</subfield>
   </datafield>
   <datafield ind2=" " ind1=" " tag="720">
      <subfield code="a">Badia, Josep M</subfield>
      <subfield code="e">author</subfield>
   </datafield>
   <datafield ind2=" " ind1=" " tag="720">
      <subfield code="a">Limón, Enric</subfield>
      <subfield code="e">author</subfield>
   </datafield>
   <datafield ind2=" " ind1=" " tag="260">
      <subfield code="c">2025-10-13T12:07:23Z</subfield>
   </datafield>
   <datafield ind2=" " ind1=" " tag="260">
      <subfield code="c">2025-10-13T12:07:23Z</subfield>
   </datafield>
   <datafield ind2=" " ind1=" " tag="260">
      <subfield code="c">2024-05-25</subfield>
   </datafield>
   <datafield ind2=" " ind1=" " tag="520">
      <subfield code="a">Rectal Surgery; Rectal cancer; Surgical Wound infection</subfield>
   </datafield>
   <datafield ind2=" " ind1=" " tag="520">
      <subfield code="a">Cirurgia rectal; Càncer de recte; Infecció de la ferida quirúrgica</subfield>
   </datafield>
   <datafield ind2=" " ind1=" " tag="520">
      <subfield code="a">Cirugía rectal; Cáncer rectal; Infección de herida quirúrgica</subfield>
   </datafield>
   <datafield ind2=" " ind1=" " tag="520">
      <subfield code="a">Background: The Catalan Cancer Plan (CCP) undertakes periodic audits of cancer treatment outcomes, including organ/space surgical site infections (O/S-SSI) rates, while the Catalan Healthcare-associated Infections Surveillance Programme (VINCat) carries out standardized prospective surveillance of surgical site infections (SSI) in colorectal surgery. This cohort study aimed to assess the concordance between these two monitoring systems for O/S-SSI following primary rectal cancer surgery. &#xd;
Methods: The study compared O/S-SSI incidence data from CCP clinical audits versus the VINCat Programme in patients undergoing surgery for primary rectal cancer, in 2011-12 and 2015-16, in publicly funded centres in Spain. The main outcome variable was the incidence of O/S-SSI in the first 30 days after surgery. Concordance between the two registers was analysed using Cohen's kappa. Discordant cases were reviewed by an expert, and the main reasons for discrepancies evaluated. &#xd;
Results: Pooling data from both databases generated a sample of 2867 patients. Of these, O/S-SSI was detected in 414 patients-235 were common to both registry systems, with satisfactory concordance (κ = 0.69, 95% confidence interval 0.65-0.73). The rate of discordance from the CCP (positive cases in VINCat and negative in CCP) was 2.7%, and from VINCat (positive in CCP and negative in VINCat) was 3.6%. External review confirmed O/S-SSI in 66.2% of the cases in the CCP registry and 52.9% in VINCat. &#xd;
Conclusions: This type of synergy shows the potential of pooling data from two different information sources with a satisfactory level of agreement as a means to improving O/S-SSI detection.</subfield>
   </datafield>
   <datafield ind1="8" ind2=" " tag="024">
      <subfield code="a">http://hdl.handle.net/11351/13833</subfield>
   </datafield>
   <datafield tag="653" ind2=" " ind1=" ">
      <subfield code="a">Recte - Càncer</subfield>
   </datafield>
   <datafield tag="653" ind2=" " ind1=" ">
      <subfield code="a">Infeccions quirúrgiques</subfield>
   </datafield>
   <datafield tag="653" ind2=" " ind1=" ">
      <subfield code="a">Recte - Cirurgia - Complicacions</subfield>
   </datafield>
   <datafield tag="653" ind2=" " ind1=" ">
      <subfield code="a">DISCIPLINES AND OCCUPATIONS::Health Occupations::Medicine::Specialties, Surgical::Colorectal Surgery</subfield>
   </datafield>
   <datafield tag="653" ind2=" " ind1=" ">
      <subfield code="a">DISEASES::Neoplasms::Neoplasms by Site::Digestive System Neoplasms::Gastrointestinal Neoplasms::Intestinal Neoplasms::Colorectal Neoplasms::Rectal Neoplasms</subfield>
   </datafield>
   <datafield tag="653" ind2=" " ind1=" ">
      <subfield code="a">DISEASES::Bacterial Infections and Mycoses::Infection::Wound Infection::Surgical Wound Infection</subfield>
   </datafield>
   <datafield tag="653" ind2=" " ind1=" ">
      <subfield code="a">DISCIPLINAS Y OCUPACIONES::profesiones sanitarias::medicina::especialidades quirúrgicas::cirugía colorrectal</subfield>
   </datafield>
   <datafield tag="653" ind2=" " ind1=" ">
      <subfield code="a">ENFERMEDADES::neoplasias::neoplasias por localización::neoplasias del sistema digestivo::neoplasias gastrointestinales::neoplasias intestinales::neoplasias colorrectales::neoplasias del recto</subfield>
   </datafield>
   <datafield tag="653" ind2=" " ind1=" ">
      <subfield code="a">ENFERMEDADES::infecciones bacterianas y micosis::infección::infección de heridas::infección de la herida quirúrgica</subfield>
   </datafield>
   <datafield ind2="0" ind1="0" tag="245">
      <subfield code="a">Quality check: concordance between two monitoring systems for postoperative organ/space-surgical site infections in rectal cancer surgery. Linkage of data from the Catalan Cancer Plan and the VINCat infection surveillance programme</subfield>
   </datafield>
</record></metadata></record></GetRecord></OAI-PMH>